Statistiques concernant [SPA] Adverbios

Cliquez ici pour prendre le quiz!

Statistiques générales

  • Ce quiz a été pris 17 fois
  • Le résultat moyen est 28 sur 59

Statistiques - réponses

FrancésEspañol% Correct
RapideRàpido
100%
BienBien
93%
PlusMàs
93%
IciAquì
87%
Moins, le moinsMenos
87%
RapidementRàpidamente
87%
Ahì / Allì
80%
LentLento
80%
MalMal
80%
Peu, un peu, pas tropPoco
80%
AussiTambién
80%
MaintenantAhora
73%
Donde
73%
Aujourd'huiHoy
73%
DemainMañana
73%
BeaucoupMucho
73%
TrèsMuy
73%
RienNada
73%
ProfessionnelProfesional
73%
TardTarde
73%
HierAyer
60%
DoucementLentamente
60%
LentementLentamente
60%
ProfessionnellementProfesionalmente
60%
Là-basAllì
53%
IncroyableIncreìble
53%
DevantEnfrente / Delante
47%
JamaisNunca
47%
ToujoursSiempre
47%
TellementTan
47%
TropDemasiado
40%
DerrièreDetràs
40%
A moitiéMedio
40%
En basAbajo
33%
En avantAdelante
33%
PrèsCerca
33%
DansDentro
33%
DedansDentro
33%
IncroyablementIncreìblemente
33%
LoinLejos
33%
Peut-êtreQuizàs
33%
AutantTanto
33%
PresqueCasi
27%
DehorsFuera
27%
DéjàYa
27%
Là-basAllà
20%
En hautArriba
20%
Assez, plutôt, suffisamentBastante
20%
DessousDebajo
20%
DessusEncima
20%
En faceEnfrente
20%
En arrièreAtràs
13%
IciAcà
7%
A peineApenas
7%
AffectueuxCariñoso
7%
Un peuAlgo
0%
EvidentEvidentemente
0%
Très, fortHarto
0%
TôtPronto
0%

Distribution des résultats

Percentile par nombre de réponses

% des personnes avec chaque résultat

Votre développement - résultats

Vous n’avez pas pris ce quiz